Logické řízení technologických procesů

Saved in:
Bibliographic Details
Format: Book
Language:Czech
Published: Praha Státní nakladatelství technické literatury 1986
Series:Knižnice automatizace sv. 79
Tags: Add Tag
No Tags, Be the first to tag this record!

MARC

LEADER 00000nam a2200000 4500
001 c024362
005 20250930080712.7
041 0 |a cze 
044 |a CZ 
245 1 0 |a Logické řízení technologických procesů 
264 1 |a Praha  |b Státní nakladatelství technické literatury  |c 1986 
300 |a 284 s.  |e príl. 
490 1 |a Knižnice automatizace  |v sv. 79 
830 0 |a Knižnice automatizace  |v sv. 79